| 000 | 01017cab a22001935a 4500 | ||
|---|---|---|---|
| 001 | L147211 | ||
| 008 | 090416e20090411xxk f 000 0 eng d | ||
| 035 | _a(Sirsi) u147211 | ||
| 041 | 0 | _aeng | |
| 100 | 1 | _aPartridge, Charles | |
| 245 | 0 | 0 | _aSeeking direction |
| 260 | _c2009 | ||
| 490 | 0 |
_aEstates Gazette _v(0914) 11 April 2009, 76-78(2) |
|
| 520 | _aReveals that Revenue and Customs is undertaking its framework review of the performance of the Valuation Office Agency (VOA). Argues that the ratings process for council tax as a system for raising taxes is outdated and needs to be simplified and more transparent. Explains why the current system is not working as it should. Comments on VOA led initiatives, including ratepayer forums, the publication of online rating lists and summary valuations, and the electronic storage and transmission of documents. | ||
| 590 | _aKA | ||
| 651 | 4 |
_aUnited Kingdom _y |
|
| 690 | _aPROPERTY-COMMERCIAL PROPERTY-COMMERCIAL PROPERTY TAXATION-BUSINESS RATES | ||
| 942 | _n0 | ||
| 999 |
_c81434 _d81434 |
||